STUDY INTO FINANCIAL GLOBALIZATION ECONO (Record no. 30142)

MARC details
000 -LEADER
fixed length control field 00351nam a2200133Ia 4500
008 - FIXED-LENGTH DATA ELEMENTS--GENERAL INFORMATION
fixed length control field 240624s9999 xx 000 0 und d
041 ## - LANGUAGE CODE
Language code of text/sound track or separate title eng
082 ## - DEWEY DECIMAL CLASSIFICATION NUMBER
Classification number 338.9 CAU
100 ## - MAIN ENTRY--PERSONAL NAME
Personal name CAUSEVIC FIKRET
245 ## - TITLE STATEMENT
Title STUDY INTO FINANCIAL GLOBALIZATION ECONO
260 ## - PUBLICATION, DISTRIBUTION, ETC.
Date of publication, distribution, etc. 2017
Place of publication, distribution, etc. London
Name of publisher, distributor, etc. Palgrave Macmillan
300 ## - PHYSICAL DESCRIPTION
Extent x, 179 p.; 23 cm.
365 ## - TRADE PRICE
Currency code ERU
Price amount 31
Holdings
Withdrawn status Lost status Damaged status Not for loan Home library Current library Shelving location Date acquired Cost, normal purchase price Full call number Barcode Date last seen Copy number Price effective from Koha item type
        IMTN IMTN Rack 13-A 12/07/2017 49.99 338.9 CAU 30142 06/24/2024 79.5 06/24/2024 Books
Designed & Maintained by: LRC IMT Nagpur Contact: lrc@imtnag.ac.in© 2024. All Rights Reserved.